| 000 | 00800cam a22002777a 4500 | ||
|---|---|---|---|
| 003 | CHAP | ||
| 005 | 20220329143015.0 | ||
| 008 | 050725d2002 us r 00110 eng d | ||
| 010 | _a90582 | ||
| 011 | _a91554 | ||
| 020 | _a0735614938 | ||
| 035 | _a102113 | ||
| 040 | _cCHAP | ||
| 082 | 0 | 4 |
_a001.6424 _bU5 |
| 100 | 0 | 0 |
_aUlrich, Laurie Ann. _9116075 |
| 245 | 1 | 0 |
_aTroubleshooting Microsoft Excel 2002 _c/by Laurie Ann Ulcrich |
| 260 |
_aWashington : _bMicrosft Press, _c2002. |
||
| 300 |
_a400p. : _bilus. |
||
| 590 |
_aBATCH-UPD _b10 _c20130110 _lUCH01 _h1125 |
||
| 590 |
_aCONVERSION _b10 _c20130109 _lUCH01 _h1350 |
||
| 650 | 1 | 4 |
_aExcel. _939029 |
| 901 | _aBK | ||
| 905 | _aLilia | ||
| 942 | _cLIBRO | ||
| 949 |
_a001.6424 U5 _bBC _cLIBRO _d33724000975033 _eLIBRO _gI.c/e _h106251 _i102113 _sb _t$268.00 |
||
| 999 |
_c90582 _d90582 |
||